| 000 | 00783nam a2200205 a 4500 | ||
|---|---|---|---|
| 001 | 000043964 | ||
| 005 | 20201002045052.0 | ||
| 008 | 140512s2010 sp ac 000 0 spa d | ||
| 020 | _a9788481634846 | ||
| 040 |
_aDO-SdBNP _bspa _cBNPHU |
||
| 100 | 1 |
_aJuliá, Mercedes _971911 |
|
| 245 | 1 | 0 |
_aDe la nueva luz : _ben torno a la poesía última de Juan Ramón Jiménez / _cMercedes Juliá. |
| 260 |
_a[Huelva] : _bDiputación Provincial de Huelva, Servicio de Publicaciones, _c2010. |
||
| 300 |
_a316 p. : _bil. ; _c22 cm. |
||
| 490 | 1 |
_aEnebro _v20 |
|
| 500 | _aIncluye referencias bibliográficas y notas al pie de las páginas | ||
| 500 | _aIncluye datos biográficos de la autora en la solapa de la cubierta | ||
| 504 | _aBibliografía: p. 299-316 | ||
| 830 | 0 |
_aEnebro ; _n20 _971912 |
|
| 999 |
_c43453 _d43453 |
||